00809nam a2200217 a 450000100100000000500170001000800410002704000250006808200200009310000280011324501050014126000520024630000200029865000280031865000290034670000250037570000470040004900090044795201180045699900170057400002281320200930021819.0101118s1978 pe a r 000 p spa d aDO-SdBNPbspacBNPHU aPe861.44bA475p1 aAlvim, Francisco94686410aPoemas /cFrancisco Alvin, Zuca Sardana; introducción y traducción de Abelardo Sánchez León. aLima :bCentro de Estudios Brasileños,c1978. a74 p. ;c20 cm. 4aPoesía peruana915589 4aLiteratura peruana931401 aSardana, Zuca9468651 aSánchez León, Abelardoeintrod.946866 aBNGR 001050718MOaGRbGRcCTd2010-11-18iLF1l0oPe861.44 A475pp22813-10r2020-06-25w2020-06-25y1ZNo se presta c22310d22310